Historia de la calle corrientes

Gespeichert in:
Bibliographische Detailangaben
1. Verfasser: Marechal, Leopoldo (autor)
Format: Buch
Sprache:Spanisch
Veröffentlicht: Buenos Aires Paidos 1967
Schriftenreihe:Letras Argentinas Paidós
Schlagworte:
Tags: Tag hinzufügen
Keine Tags, Fügen Sie den ersten Tag hinzu!

MARC

LEADER 00000nam a2200000 a 4500
001 UCT6490
003 CL-VaPUC
008 970113e19670000AG |||||||||||||||||spa|d
082 0 4 |a Ar863  |b MAR  |2 21 
100 |a Marechal, Leopoldo  |e autor  |9 376931 
245 1 0 |a Historia de la calle corrientes 
300 |a 109 p 
942 |c BK 
945 |d 19970113 00:00:00  |a nastorga 
260 |a Buenos Aires  |b Paidos  |c 1967 
650 0 |a Novelas argentinas  |9 267871 
583 |a last modification  |c 19970113 00:00:00  |k Rodrigo Vera 
490 0 |a Letras Argentinas Paidós 
999 |c 255187  |d 255185 
952 |0 0  |1 0  |4 0  |6 AR_863_000000000000000_MAR_1967  |7 0  |8 A  |9 277314  |a BIBEDU  |b BIBEDU  |d 2019-11-19  |i 3266303  |o Ar863 MAR 1967  |p 3266303  |r 2019-11-19  |w 2019-11-19  |y BK  |k LIT